In Extremo - Vollmond Lyrics Quiz - Statistiken

Allgemein
  • Dieses Quiz wurde 20 mal gespielt
  • Das Durchschnittsergebnis liegt bei 151 aus 179
Antwortstatistiken
Antwort % Korrekt
an
100%
bin
100%
dein
100%
die
100%
Die
100%
mein
100%
nach
100%
so
100%
Wer
100%
Wir
100%
Augen
92%
Blut
92%
deiner
92%
Der
92%
der
92%
Du
92%
du
92%
fliegen
92%
glaube
92%
Ich
92%
in
92%
Komm
92%
Liebe
92%
Meer
92%
meine
92%
meinem
92%
mir
92%
Mir
92%
Mond
92%
Nacht
92%
schließ
92%
sich
92%
übers
92%
und
92%
Und
92%
werden
92%
betrank
85%
den
85%
ein
85%
Kleid
85%
Leib
85%
vom
85%
Wenn
85%
erscheint
77%
Hast
77%
krank
77%
sein
77%
solch
77%
Tag
77%
weißes
77%
weit
77%
helle
69%
Licht
69%
Mit
69%
nackt
69%
wirfst
69%
Abendweib
62%
angezündet
62%
Bäume
62%
Boden
62%
dem
62%
liegt
62%
schon
62%
seinen
62%
wachsen
62%
Wurzelhaar
62%
zieht
62%
Auf
54%
Bist
54%
einsam
54%
immer
54%
Kreis
54%
Mai
54%
Tiergesicht
54%
will
54%
heiß
46%
heute
38%
verschwand
38%
Doch
31%
lange
31%
Kled
15%
milden
15%
Mund
15%
Keine übereinstimmenden Quizze gefunden
Verteilung der Resultate
Anzahl Personen mit jedem Resultat
Perzentil nach korrekt beantworteten Fragen
Ihre Resultats-Entwicklung
Sie haben dieses Quiz noch nicht gespielt